00755nam a2200145Ia 4500008004100000020001800041050002100059100003500080245011200115250001100227260004500238300002900283500021000312650008700522120721s9999 xx 000 0 und d a970-676-946-3 aKGF7611.A28 2007 aDistrito Federal [Leyes, etc.] aAgenda civil del D.F. 2007 : compendio de leyes, reglamentos y otras disposiciones conexas sobre la materia a13a ed aMéxico : Ediciones Fiscales ISEF, 2007 axiv, pag. varia ; 17 cm. aIncluye : Código Civil para el D.F; Código Federal de Procedimiento Civiles, Ley del Notario para el D.F; Ley de Propiedad en Condominio de Inmuebles para el D.F; Disposiciones relativas a la materia. a1. Derecho civil - Distrito Federal 2. Procedimiento civil - Distrito Federal.Ì